000 00517cam a22002054a 4500
005 20250605164314.0
008 250528s ||||||||||||||||||||||||d
035 _a22616
020 _a9780521497671
040 _aGR-AtMCL
_bgre
_dGR-AtMCL
_eAACR2
245 1 _aCAMBRIDGE PRACTICE TESTS FOR IELTS
250 _a1
260 _bCambridge University Press,
_c1996
300 _a154
700 1 _aJakeman Vanessa
_97627
700 1 _aMcdowell Clare
_97628
942 _cBK
999 _c7664
_d7664